| 000 | 00524nam a2200181Ia 4500 | ||
|---|---|---|---|
| 005 | 20250508150557.0 | ||
| 008 | 008 250505s9999 xx 000 0 eng d | ||
| 037 | _aBooks to be hide in OPAC | ||
| 040 |
_aFEDL _beng _cFEDL |
||
| 041 |
_aeng _2eng |
||
| 084 | _qFEDL | ||
| 100 |
_aCairns Huntigton Ed. _9757085 |
||
| 245 | 0 | _aMasterpieces of painting from the national gallery of art | |
| 260 |
_aNew York, USA _bRandom House _c1944 |
||
| 700 |
_a Walker John Ed. _9757086 |
||
| 942 | _cHB | ||
| 999 |
_c1324361 _d1324361 |
||